Chief ministers of Punjab : (Record no. 126767)

MARC details
000 -LEADER
fixed length control field 00677nam a22002177a 4500
005 - DATE AND TIME OF LATEST TRANSACTION
control field 20170124110014.0
010 ## - LIBRARY OF CONGRESS CONTROL NUMBER
LC control number B-181199
020 ## - INTERNATIONAL STANDARD BOOK NUMBER
Terms of availability 595.00
International Standard Book Number 8180480089
035 ## - SYSTEM CONTROL NUMBER
System control number B-181199
037 ## - SOURCE OF ACQUISITION
Source of stock number/acquisition Cen Lib/ Ret
040 ## - CATALOGING SOURCE
Original cataloging agency DPL
Language of cataloging EN
082 ## - DEWEY DECIMAL CLASSIFICATION NUMBER
Classification number 351.00318
Item number JHA
100 ## - MAIN ENTRY--PERSONAL NAME
Personal name Jhamb, Chaman Lal
9 (RLIN) 8413
245 ## - TITLE STATEMENT
Title Chief ministers of Punjab :
Statement of responsibility, etc by Chaman Lal Jhamb
Remainder of title since independence /
260 ## - PUBLICATION, DISTRIBUTION, ETC. (IMPRINT)
Place of publication, distribution, etc Chandigarh
Name of publisher, distributor, etc Arun publishing
Date of publication, distribution, etc 2003
270 ## - ADDRESS
City Chandigarh
Address SCO 49-51, sectore -17C
Postal code 160017
300 ## - PHYSICAL DESCRIPTION
Extent 256p.
Dimensions 21cm(Hb)
650 ## - SUBJECT ADDED ENTRY--TOPICAL TERM
Topical term or geographic name as entry element Political science
9 (RLIN) 18428
650 ## - SUBJECT ADDED ENTRY--TOPICAL TERM
Topical term or geographic name as entry element Prime ministers
Geographic subdivision Punjab
9 (RLIN) 18429
942 ## - ADDED ENTRY ELEMENTS (KOHA)
Source of classification or shelving scheme Dewey Decimal Classification
Koha item type English Books
Classification part 351.00318
Call number suffix JHA
Holdings
Withdrawn status Lost status Damaged status Not for loan Home library Current library Date acquired Source of acquisition Cost, normal purchase price Total Checkouts Full call number Barcode Date last seen Copy number Cost, replacement price Price effective from Koha item type
        Central Library Central Library 26/06/2015 Cen Lib/Ret 595.00   351.00318 JHA B-181199 26/06/2015 1 595.00 26/06/2015 English Books

© Delhi Public Library
Hit Counter
free hit counter